| 000 | 01035cam a22003377a 4500 | ||
|---|---|---|---|
| 003 | CHAP | ||
| 005 | 20220817042041.0 | ||
| 008 | 971013s1981 r 00010 d | ||
| 010 | _a33023 | ||
| 011 | _a33995 | ||
| 035 | _a38111 | ||
| 040 | _cCHAP | ||
| 090 | _aFolleto 8988 | ||
| 100 | 0 | 0 |
_aNovack, George. _982001 |
| 245 | 1 | 3 | _aLa ley del desarrollo desigual y combinado |
| 260 |
_aMéxico, D. F. : _bQuinto Sol, _c1981 |
||
| 300 | _a102 p. | ||
| 590 |
_aBATCH-UPD _b10 _c20130110 _lUCH01 _h0229 |
||
| 590 |
_aBATCH-UPD _b10 _c20130110 _lUCH01 _h0947 |
||
| 590 |
_aBATCH-UPD _b10 _c20130409 _lUCH01 _h2252 |
||
| 590 |
_aBATCH-UPD _b10 _c20130914 _lUCH01 _h1804 |
||
| 590 |
_aCONVERSION _b10 _c20130109 _lUCH01 _h1319 |
||
| 650 | 1 | 4 | _aMaterialismo dialéctico. |
| 650 | 1 | 4 |
_aSociología. _9108197 |
| 700 | 0 |
_aMoreno, Nahuel. _978748 |
|
| 700 | 0 |
_aTrotsky, Leon. _9115328 |
|
| 901 | _aBK | ||
| 942 | _cFOLL | ||
| 949 |
_aFolleto 8988 _bBC _cFOLL _d-87171 _eTS1 _i38111 _si |
||
| 949 |
_aFolleto 8988 _bBC _cFOLL _d-87172 _eTS2 _fc.2 _i38111 _si |
||
| 999 |
_c33023 _d33023 |
||